000 01242nam a22003377a 4500
003 CHAP
005 20220817044054.0
008 060119d2005 mx r 00110 spa d
010 _a91564
011 _a92536
020 _a9707040807
035 _a103101
040 _cCHAP
082 0 4 _a378.972
_bC3
100 1 _aCastillo Alemán, Gloria del.
_920074
245 1 0 _aDos modelos diferenciados de configuración institucional bajo el impacto de la evaluación externa :
_bla UAM-A y la UIA
_c/por Gloria del Castillo Alemán
260 _aMéxico, D. F. :
_bAsociación Nacional de Universidades e Instituciones de Educación Superior,
_c2005.
300 _a247 p.
590 _aBATCH-UPD
_b10
_c20130110
_lUCH01
_h1248
590 _aBATCH-UPD
_b10
_c20130410
_lUCH01
_h0811
590 _aBATCH-UPD
_b10
_c20130914
_lUCH01
_h1246
590 _aCONVERSION
_b10
_c20130109
_lUCH01
_h1351
650 1 4 _aEducación superior.
650 1 4 _aEducación superior
_xEvaluación.
_935633
650 1 4 _aPolítica educativa.
_990539
901 _aBK
905 _aLilia
942 _cLIBRO
949 _a378.972 C3
_bBC
_cLIBRO
_d33724000967873
_eLIBRO
_fc.2
_h107617
_i103101
_sb
949 _a378.972 C3
_bBC
_cLIBRO
_d33724000967931
_eLIBRO
_h107616
_i103101
_si
999 _c91564
_d91564